Diálogos de los dioses (Record no. 186536)
[ view plain ]
| 000 -LEADER | |
|---|---|
| campo de control de longitud fija | 00731nam a2200217 i 4500 |
| 001 - NÚMERO DE CONTROL | |
| campo de control | 186536 |
| 003 - IDENTIFICADOR DE NÚMERO DE CONTROL | |
| campo de control | SpMaBN |
| 005 - FECHA Y HORA DE LA ÚLTIMA TRANSACCIÓN | |
| campo de control | 20260525062938.0 |
| 008 - DATOS DE LONGITUD FIJA--INFORMACIÓN GENERAL | |
| campo de control de longitud fija | 161123s1954 ag |||| | spa d |
| 080 ## - NÚMERO DE LA CLASIFICACIÓN DECIMAL UNIVERSAL | |
| Número de la Clasificación Decimal Universal | 821.14-83"01" |
| 100 0# - ENTRADA PRINCIPAL--NOMBRE DE PERSONA | |
| Nombre de persona | Luciano de Samosata. |
| 9 (RLIN) | 74580 |
| 245 10 - MENCIÓN DEL TÍTULO | |
| Título | Diálogos de los dioses |
| Resto del título | ; Diálogos de los muertos / |
| Mención de responsabilidad, etc. | Luciano ; [traducción de D. Cristóbal Vidal y F. Delgado]. |
| 246 10 - FORMA VARIANTE DEL TITULO | |
| Título propio/Titulo breve | Diálogos de los muertos |
| 250 ## - MENCION DE EDICION | |
| Mención de edición | 2ª ed. |
| 260 ## - PUBLICACIÓN, DISTRIBUCIÓN, ETC. | |
| Lugar de publicación, distribución, etc. | Buenos Aires : |
| Nombre del editor, distribuidor, etc. | Espasa-Calpe Argentina, |
| Fecha de publicación, distribución, etc. | 1954. |
| 300 ## - DESCRIPCIÓN FÍSICA | |
| Extensión | 147 p. ; |
| Dimensiones | 18 cm. |
| 490 1# - MENCIÓN DE SERIE | |
| Mención de serie | Colección austral ; |
| Designación de volumen o secuencia | 1175 |
| 830 0# - PUNTO DE ACCESO ADICIONAL DE SERIE-TÍTULO UNIFORME | |
| Título uniforme | Colección austral |
| Designación de volumen o secuencia | 1175 |
| 9 (RLIN) | 177655 |
| 852 ## - LOCALIZACIÓN | |
| Ubicación | ES-MaACL |
| Número de control de estantería | L-30881 |
| Nota libre | . - Donat. Miguel A. Velasco |
| Estatus retirado | Estado de pérdida | Estado de daño | No para préstamo | Biblioteca de origen | Biblioteca actual | Ubicación en estantería | Fecha de adquisición | Fuente de adquisición | Total de préstamos | Signatura topográfica completa | Código de barras | Visto por última vez | Precio de reemplazo | Tipo de ítem Koha |
|---|---|---|---|---|---|---|---|---|---|---|---|---|---|---|
| Biblioteca del Ateneo de Madrid | Biblioteca del Ateneo de Madrid | Depósito 2 | 23/11/2016 | L-30881 | 1196703 | 23/02/2023 | 23/02/2023 | Libro impreso |
